La mosaique de Qabr Hiram /

محفوظ في:

المؤلف الرئيسي: Metzger, Catherine (مؤلف)

مؤلف مشترك: Musée du Louvre (Paris). Département des antiquités grecques et romaines.

التنسيق: كتاب

اللغة: French

منشور في: Paris : Somogy : Louvre, c2012.

سلاسل: Collection Solo ; 52.

الموضوعات:

الوسوم: إضافة وسم

لا توجد وسوم, كن أول من يضع وسما على هذه التسجيلة!

رقم الطلب: NA3780 .M44 2012

LEADER 01067namaa2200301 4500
001 22260
003 OSt
005 20250907111935.0
008 130303s2012 fr ab b 000 0 fre d
020 |a 9782757205709 
040 |c ARCE Library 
050 4 |a NA3780 .M44 2012 
100 1 |a Metzger, Catherine,  |e author 
245 1 0 |a La mosaique de Qabr Hiram /   |c Catherine Metzger 
264 1 |a Paris :   |b Somogy :   |b Louvre,   |c c2012. 
300 |a 56 pages :   |b illustrations (some color), color map ;   |c 22 cm. 
490 1 |a Collection Solo ;   |v 52. 
500 |a At head of title: Département des antiquités grecques, étrusques et romaines. 
504 |a Includes bibliographical references (p. 20). 
555 |a Nabil 
650 0 |a Mosaics, Byzantine   |z Lebanon. 
650 0 |a Mosaics   |z France   |z Paris. 
650 0 |a Mosaics   |x Conservation and restoration   |z France   |z Paris. 
710 2 |a Musée du Louvre (Paris).  |b Département des antiquités grecques et romaines. 
830 0 |a Collection Solo ;   |v 52. 
901 |a reviewed 
942 |c BK  |2 lcc 
999 |c 21252  |d 21252